[Event "New York (m/5)"]
[Site "?"]
[Date "1995.??.??"]
[Round "?"]
[White "Anand, V."]
[Black "Kasparov, Garry"]
[Result "1/2-1/2"]
[WhiteElo "2725"]
[BlackElo "2795"]
[PlyCount "54"]
[EventDate "1995.??.??"]
[Source "ChessBase"]
[SourceDate "1995.06.01"]

1. e4 c5 2. Nf3 d6 3. d4 cxd4 4. Nxd4 Nf6 5. Nc3 a6 6. Be2 e6 7. O-O Be7 8. a4 Nc6 9. Be3 O-O 10. f4 Qc7 11. Kh1 Re8 12. Bd3 Nb4 13. a5 Bd7 14. Nf3 Rac8 15. Bb6 Qb8 16. Qe2 Bc6 17. Nd4 Nxd3 18. cxd3 d5 19. Qf3 Nd7 20. Nxc6 bxc6 21. Na4 Qd6 22. Qe3 Qb4 23. Rfc1 c5 24. Qf3 Nf6 25. Nc3 Bd8 26. exd5 exd5 27. Nxd5 Nxd5 1/2-1/2

[Event "PCA-Wch"]
[Site "?"]
[Date "1995.??.??"]
[Round "?"]
[White "Anand, Viswanathan"]
[Black "Kasparov, Gary"]
[Result "1/2-1/2"]
[WhiteElo "2715"]
[BlackElo "2805"]
[PlyCount "27"]
[EventDate "1995.??.??"]
[Source "www.chesslib.no"]
[SourceDate "2004.05.04"]

1. e4 c5 2. Nf3 d6 3. d4 cxd4 4. Nxd4 Nf6 5. Nc3 a6 6. Be2 e6 7. a4 Nc6 8. O-O Be7 9. Be3 O-O 10. f4 Qc7 11. Kh1 Re8 12. Qd2 Bd7 13. Rad1 Rad8 14. Nb3 1/2-1/2

[Event "Las Palmas"]
[Site "?"]
[Date "1996.??.??"]
[Round "?"]
[White "Anand, V."]
[Black "Kasparov, Garry"]
[Result "1/2-1/2"]
[WhiteElo "2735"]
[BlackElo "2785"]
[PlyCount "66"]
[EventDate "1996.??.??"]
[Source "ChessBase"]
[SourceDate "1996.10.01"]

1. e4 c5 2. Nf3 d6 3. d4 cxd4 4. Nxd4 Nf6 5. Nc3 a6 6. a4 Nc6 7. Be2 e6 8. O-O Be7 9. Be3 O-O 10. f4 Qc7 11. Kh1 Re8 12. Bf3 Rb8 13. g4 Nxd4 14. Bxd4 e5 15. fxe5 dxe5 16. Ba7 Ra8 17. g5 Rd8 18. Qe2 Ne8 19. Be3 Be6 20. Qf2 Rdc8 21. Rad1 Bc5 22. Bxc5 Qxc5 23. Nd5 Bxd5 24. Rxd5 Qxc2 25. Rxe5 Qxf2 26. Rxf2 g6 27. Rd5 Nc7 28. Rd7 Ne6 29. Bg4 Nxg5 30. h4 Nxe4 31. Rfxf7 Rc1+ 32. Kg2 Rc2+ 33. Kg1 Rc1+ 1/2-1/2

[Event "Buenos Aires ARG"]
[Site "Buenos Aires ARG"]
[Date "1994.??.??"]
[Round "?"]
[White "Ivanchuk, Vassily"]
[Black "Karpov, Anatoly"]
[Result "0-1"]
[WhiteElo "2710"]
[BlackElo "2740"]
[PlyCount "105"]
[EventDate "1994.??.??"]
[Source "www.chesslib.no"]
[SourceDate "2004.05.04"]

1. e4 c5 2. Nf3 e6 3. d4 cxd4 4. Nxd4 Nc6 5. Nc3 Qc7 6. Be2 a6 7. O-O Nf6 8. Kh1 Be7 9. f4 d6 10. Be3 O-O 11. Qe1 Bd7 12. Qg3 Kh8 13. Rad1 Rac8 14. Nf3 Nb4 15. Ne1 b5 16. a3 Nc6 17. e5 dxe5 18. fxe5 Qxe5 19. Bf4 Qc5 20. Be3 Qe5 21. Qh3 Qf5 22. Qg3 Qe5 23. Qh3 Qf5 24. Qg3 Qe5 25. Qh3 Qf5 26. Qg3 Qe5 27. Qh3 Qf5 28. Qg3 Qe5 29. Qh3 Qf5 30. Qg3 Qe5 31. Qh3 Qf5 32. Qg3 Qe5 33. Qh3 Qf5 34. Qg3 Qe5 35. Qh3 Qf5 36. Qg3 Qe5 37. Qh3 Qf5 38. Qg3 Qe5 39. Qh3 Qf5 40. Qg3 Qe5 41. Qh3 Qf5 42. Qg3 Qe5 43. Qh3 Qf5 44. Qh4 Qe5 45. Qh3 Qf5 46. Qh4 Qe5 47. Qh3 Qf5 48. Qh4 Qe5 49. Qh3 Qf5 50. Qh4 Qe5 51. Qh3 Qf5 52. Qh4 Qe5 53. Qh3 0-1

[Event "24, Wch 1985"]
[Site "24, Wch 1985 Moscow"]
[Date "1985.??.??"]
[Round "?"]
[White "Karpov, Anatoly"]
[Black "Kasparov, Gary"]
[Result "0-1"]
[WhiteElo "2720"]
[BlackElo "2715"]
[PlyCount "46"]
[EventDate "1985.??.??"]
[Source "www.chesslib.no"]
[SourceDate "2004.05.04"]

1. e4 c5 2. Nf3 d6 3. d4 cxd4 4. Nxd4 Nf6 5. Nc3 a6 6. Be2 e6 7. O-O Be7 8. f4 O-O 9. Kh1 Qc7 10. a4 Nc6 11. Be3 Re8 12. Bf3 e5 13. Qd2 Bd7 14. Nb3 b6 15. g4 Bc8 16. g5 Nd7 17. Qf2 Bf8 18. Bg2 Bb7 19. Rad1 g6 20. Bc1 Qc8 21. Rd3 Nb4 22. Rh3 Bg7 23. Be3 Re7 0-1

[Event "Moscow RUS"]
[Site "Moscow RUS"]
[Date "1985.??.??"]
[Round "24"]
[White "Karpov, Anatoly"]
[Black "Kasparov, Gary"]
[Result "0-1"]
[WhiteElo "2720"]
[BlackElo "2715"]
[PlyCount "66"]
[EventDate "1985.??.??"]
[Source "www.chesslib.no"]
[SourceDate "2004.05.04"]

1. e4 c5 2. Nf3 d6 3. d4 cxd4 4. Nxd4 Nf6 5. Nc3 a6 6. Be2 e6 7. O-O Be7 8. f4 O-O 9. Kh1 Qc7 10. a4 Nc6 11. Be3 Re8 12. Bf3 Rb8 13. Qd2 Bd7 14. Nb3 b6 15. g4 Bc8 16. g5 Nd7 17. Qf2 Bf8 18. Bg2 Bb7 19. Rad1 g6 20. Bc1 Rbc8 21. Rd3 Nb4 22. Rh3 Bg7 23. Be3 Re7 24. Kg1 Rce8 25. Rd1 f5 26. Rg3 Rf7 27. Bxb6 Qb8 28. Be3 Nxc2 29. Bb6 Ba8 30. Rxd6 Kh8 31. e5 Qa7 32. Kh1 Bxg2+ 33. Kxg2 Nd4 0-1

[Event "WM Moskau"]
[Site "?"]
[Date "1985.??.??"]
[Round "18"]
[White "Karpov, Anatoly"]
[Black "Kasparov, Gary"]
[Result "1/2-1/2"]
[WhiteElo "2720"]
[BlackElo "2715"]
[PlyCount "50"]
[EventDate "1985.??.??"]
[Source "www.chesslib.no"]
[SourceDate "2004.05.04"]

1. e4 c5 2. Nf3 d6 3. d4 cxd4 4. Nxd4 Nf6 5. Nc3 a6 6. Be2 e6 7. O-O Be7 8. f4 O-O 9. Kh1 Qc7 10. a4 Nc6 11. Be3 Re8 12. Bf3 Rb8 13. Qd2 Bd7 14. Nb3 b6 15. Bf2 Bc8 16. Bg3 Nd7 17. Rae1 Bb7 18. e5 Rbd8 19. Qf2 Rf8 20. Be4 dxe5 21. fxe5 Nc5 22. Nxc5 bxc5 23. Bf4 Nd4 24. Re3 Bxe4 25. Nxe4 Nf5 1/2-1/2

[Event "Wch31-KK1 Moscow"]
[Site "?"]
[Date "1984.??.??"]
[Round "19"]
[White "Karpov, Anatoly"]
[Black "Kasparov, Gary"]
[Result "1/2-1/2"]
[WhiteElo "2700"]
[BlackElo "2710"]
[PlyCount "73"]
[EventDate "1984.??.??"]
[Source "www.chesslib.no"]
[SourceDate "2004.05.04"]

1. e4 c5 2. Nf3 d6 3. d4 cxd4 4. Nxd4 Nf6 5. Nc3 a6 6. Be2 e6 7. O-O Be7 8. f4 O-O 9. Kh1 Qc7 10. a4 Nc6 11. Be3 Re8 12. Bf3 Rb8 13. Qd2 Nxd4 14. Bxd4 e5 15. Ba7 Ra8 16. Be3 Bd7 17. a5 Rac8 18. Be2 Bc6 19. Qd3 Qd8 20. Rfd1 exf4 21. Bxf4 Bf8 22. Bf3 Qe7 23. Bxd6 Qxd6 24. Qxd6 Bxd6 25. Rxd6 Nxe4 26. Rxc6 Rxc6 27. Nxe4 Rce6 28. Kg1 Rxe4 29. Bxe4 Rxe4 30. Rd1 g5 31. Rd5 h6 32. c3 Re6 33. Kf2 Kg7 34. g4 b6 35. h3 Kg6 36. Kf3 h5 37. axb6 1/2-1/2

[Event "Linares"]
[Site "?"]
[Date "1993.??.??"]
[Round "?"]
[White "Shirov, A."]
[Black "Ivanchuk, V."]
[Result "1/2-1/2"]
[WhiteElo "2670"]
[BlackElo "2710"]
[PlyCount "69"]
[EventDate "1993.??.??"]
[Source "ChessBase"]
[SourceDate "1993.02.01"]

1. e4 c5 2. Nf3 e6 3. d4 cxd4 4. Nxd4 Nc6 5. Nc3 Qc7 6. Be2 a6 7. O-O Nf6 8. Be3 Be7 9. f4 d6 10. Qe1 O-O 11. Qg3 Nxd4 12. Bxd4 b5 13. a3 Bb7 14. Rae1 Bc6 15. Kh1 Qb7 16. Bd3 b4 17. axb4 Qxb4 18. Ne2 Qb7 19. e5 Nh5 20. Qh3 g6 21. Ng3 dxe5 22. Bxe5 Nxg3+ 23. hxg3 Bb5 24. c4 Bc6 25. g4 Rad8 26. Re2 f6 27. Bc3 e5 28. fxe5 fxe5 29. Rxf8+ Bxf8 30. Rxe5 Bg7 31. Re3 Bxc3 32. bxc3 Rxd3 33. Rxd3 Bxg2+ 34. Qxg2 Qb1+ 35. Kh2 1/2-1/2

[Event "Buenos Aires"]
[Site "?"]
[Date "1994.??.??"]
[Round "?"]
[White "Ljubojevic, Lj"]
[Black "Karpov, An"]
[Result "1/2-1/2"]
[WhiteElo "2580"]
[BlackElo "2780"]
[PlyCount "64"]
[EventDate "1994.??.??"]
[Source "ChessBase"]
[SourceDate "1994.10.01"]

1. e4 c5 2. Nf3 Nc6 3. d4 cxd4 4. Nxd4 e6 5. Nc3 a6 6. Be2 d6 7. O-O Nf6 8. f4 Be7 9. Be3 O-O 10. Qe1 Nxd4 11. Bxd4 b5 12. a3 Bb7 13. Qg3 Bc6 14. Rad1 Qc7 15. Bf3 Rad8 16. Kh1 Kh8 17. Rd3 a5 18. b4 axb4 19. axb4 Qb7 20. Re3 Rg8 21. Qh3 Qc7 22. e5 dxe5 23. Bxe5 Qb6 24. Be2 Bxb4 25. Bd3 Rxd3 26. Rxd3 Be7 27. Ne2 Be4 28. Rd2 Bf5 29. Qf3 Bg4 30. Qd3 Bf5 31. Qf3 Bg4 32. Qd3 Bf5 1/2-1/2

[Event "Jakarta m 25'"]
[Site "Jakarta"]
[Date "1997.11.25"]
[Round "6"]
[White "Karpov, Anatoly"]
[Black "Adianto, Utut"]
[Result "1-0"]
[WhiteElo "2745"]
[BlackElo "2610"]
[PlyCount "147"]
[EventDate "1997.11.24"]
[Source "ChessBase"]
[SourceDate "1998.04.09"]

1. e4 c5 2. Nf3 d6 3. d4 cxd4 4. Nxd4 Nf6 5. Nc3 a6 6. Be2 e6 7. f4 Qc7 8. a4 Be7 9. O-O O-O 10. Be3 Nc6 11. Bf3 Bd7 12. Nb3 Na5 13. Nxa5 Qxa5 14. Qd2 Qc7 15. a5 Bc6 16. Bb6 Qb8 17. Rfd1 Nd7 18. Bf2 b5 19. Na2 Rd8 20. Nb4 Bb7 21. Bd4 Ne5 22. Be2 Nc6 23. Nxc6 Bxc6 24. Bd3 Qb7 25. Qe3 Rac8 26. c3 Re8 27. Qg3 Bf8 28. Re1 b4 29. c4 Red8 30. Bb6 Re8 31. b3 g6 32. Rad1 Bg7 33. Re2 Qe7 34. Bb1 Bc3 35. Qd3 Red8 36. Bxd8 Rxd8 37. Qe3 e5 38. Qb6 Bb7 39. f5 Rd7 40. Re3 Kg7 41. Rf3 f6 42. h4 Bd4+ 43. Rxd4 exd4 44. Qxd4 Qe5 45. Qf2 Bxe4 46. Bxe4 Qxe4 47. fxg6 hxg6 48. Rxf6 Qb1+ 49. Kh2 Qa1 50. Re6 Rf7 51. Qg3 Rf6 52. Qxd6 Rxe6 53. Qxe6 Qxa5 54. Qe7+ Kh6 55. c5 Qb5 56. Qd6 a5 57. c6 Qe2 58. Qf4+ Kh7 59. c7 Qe6 60. Qc4 Qe5+ 61. Kh3 Qf5+ 62. Kg3 Qe5+ 63. Kf2 Qb2+ 64. Kg1 Qa1+ 65. Kh2 Qe5+ 66. g3 Qb2+ 67. Kh3 Qb1 68. c8=Q Qh1+ 69. Kg4 Qd1+ 70. Kg5 Qh5+ 71. Kf6 Qf3+ 72. Qf4 Qc3+ 73. Qxc3 bxc3 74. Qc7+ 1-0